000
00297nam a2200109Ia 4500
008
171211s9999 xx 000 0 und d
245
_a
How to Do Everything Adobe Acrobat X
245
_c
Doug Sahlin
260
_c
2011
650
_x
SOFTWARE
856
_u
http://down.ebook777.com/063/0071752935.pdf
999
_c
349323
_d
349323